0321-西津軽郡(青森県)の駅 - Statistics

General Stats
  • This quiz has been taken 3 times
  • The average score is 10 of 21
Answer Stats
Answer % Correct
ウェスパ椿山
100%
深浦
100%
十二湖
67%
陸奥岩崎
67%
追良瀬
67%
陸奥赤石
67%
鯵ヶ沢
67%
大間越
33%
白神岳登山口
33%
松神
33%
陸奥沢辺
33%
艫作
33%
横磯
33%
広戸
33%
驫木
33%
風合瀬
33%
大戸瀬
33%
千畳敷
33%
北金ヶ沢
33%
陸奥柳田
33%
鳴沢
33%
No matching quizzes found
Score Distribution
Percent of People with Each Score
Percentile by Number Answered
Your Score History
You have not taken this quiz